书目信息 |
| 题名: |
配电网理论及应用
|
|
| 作者: | 刘健 , 毕鹏翔 , 杨文宇 著 | |
| 分册: | ||
| 出版信息: | 北京 中国水利水电出版社 2007.09 |
|
| 页数: | 283页 | |
| 开本: | 26cm | |
| 丛书名: | ||
| 单 册: | ||
| 中图分类: | TM7 | |
| 科图分类: | ||
| 主题词: | 配电系统--pei dian xi tong--研究 | |
| 电子资源: | ||
| ISBN: | 978-7-5084-4822-0 | |
| 000 | 01147nam0 2200289 450 | |
| 001 | 012008738190 | |
| 005 | 20080603113702.40 | |
| 010 | @a978-7-5084-4822-0@dCNY36.00 | |
| 100 | @a20080603d2007 em y0chiy0120 ea | |
| 101 | 0 | @achi |
| 102 | @aCN@b110000 | |
| 105 | @aak a 000yy | |
| 106 | @ar | |
| 200 | 1 | @a配电网理论及应用@Apei dian wang li lun ji ying yong@d= Theories of distribution systems and their applications@f刘健 ... [等] 著@Fliu jian...[deng]zhu@zeng |
| 210 | @a北京@c中国水利水电出版社@d2007.09 | |
| 215 | @a283页@c图@d26cm | |
| 304 | @a题名页题: 刘健, 毕鹏翔, 杨文宇, 程红丽著 | |
| 320 | @a有书目 (第265-283页) | |
| 330 | @a本书系统论述了针对配电网的理论和应用研究的最新进展,涉及到配电网的模型化方法、配电网负荷预测、配电网简化分析、配电网络重构、配电网故障判断与处理和配电网优化规划等领域。 | |
| 510 | 1 | @aTheories of distribution systems and their applications@zeng |
| 606 | 0 | @a配电系统@Apei dian xi tong@x研究 |
| 690 | @aTM7@v4 | |
| 701 | 0 | @a刘健@Aliu jian@4著 |
| 701 | 0 | @a毕鹏翔@Abi peng xiang@4著 |
| 701 | 0 | @a杨文宇@Ayang wen yu@4著 |
| 801 | 0 | @aCN@bQSSK@c20080603 |
| 905 | @b723411-13@dTM7@eL635@f3 | |
| 配电网理论及应用= Theories of distribution systems and their applications/刘健 ... [等] 著.-北京:中国水利水电出版社,2007.09 |
| 283页:图;26cm |
| ISBN 978-7-5084-4822-0:CNY36.00 |
| 本书系统论述了针对配电网的理论和应用研究的最新进展,涉及到配电网的模型化方法、配电网负荷预测、配电网简化分析、配电网络重构、配电网故障判断与处理和配电网优化规划等领域。 |
| ● |
| 相关链接 |
|
|
|
正题名:配电网理论及应用
索取号:TM7/L635
 
预约/预借
| 序号 | 登录号 | 条形码 | 馆藏地/架位号 | 状态 | 备注 |
| 1 | 723411 | 207234116 | 自科二线504/504自科库 14排2列2层/ [索取号:TM7/L635] | 在馆 | |
| 2 | 723412 | 207234125 | 自科库301/301自科库 16排3列2层/ [索取号:TM7/L635] | 在馆 | |
| 3 | 723413 | 207234134 | 自科库301/301自科库 16排3列2层/ [索取号:TM7/L635] | 在馆 |